| 000 | 00000nam##2200000za#4500 |
| 001 | 9.590517 |
| 003 | CaOODSP |
| 005 | 20210624200150 |
| 007 | cr ||||||||||| |
| 008 | 150406|1992||||xxc|||||o f|0| 0 eng|d |
| 040 | |aCaOODSP|beng |
| 041 | |aeng |
| 041 | |afre |
| 043 | |an-cn--- |
| 086 | 1 |aS52-2/212-1992-PDF |
| 110 | 1 |aCanada. |bPublic Works and Government Services Canada. |bTranslation Bureau. |
| 245 | 10|aVocabulary of signs and symptoms of the musculoskeletal system. Volume II: Medical imaging signs / |h[electronic resource]|cUnder the direction of André Lussier, Germain Beauregard and Sylvie Dionne. |
| 260 | |aOttawa - Ontario : |bPublic Works and Government Services Canada. |cc1992. |
| 300 | |a293p. |
| 490 | 1 |aTerminology bulletin|vNo. 212 |
| 500 | |aDigitized edition from print. [Produced by Publishing and Depository Services, 2014.] Joint Project of the Medical Research Council of Canada and the Dept. of the Secretary of State. |
| 504 | |aBibliography. |
| 590 | |a14-22-Supp|b2014-12-24 |
| 720 | 1 |aLussier, André |
| 720 | 1 |aDionne, Sylvie |
| 720 | 1 |aBeauregard, Germain |
| 776 | 0#|tVocabulaire de sémiologie de l'appareil locomoteur, Volume II: Signes d'imagerie médicale / |w(CaOODSP)9.520405 |
| 792 | |tVocabulaire de sémikologie de l'appareil locomoteur. Volume II: signes d'imagerie médicale / |efre|w(CaOODSP)9.590518 |
| 830 | #0|aTerminology bulletin ;|vNo. 212|w(CaOODSP)9.500139 |
| 856 | 40|ahttp://publications.gc.ca|qPDF|s3140 KB|uhttps://publications.gc.ca/collections/collection_2014/tpsgc-pwgsc/S52-2-212-1992.pdf|yNo. 212 |